000
00291nam a22001337a 4500
008
181219b xxu||||| |||| 00| 0 eng d
020
_a
0316099392
041
_a
eng
080
_a
720
100
_a
41
101
_a
ARK
245
_a
Form Follows Fiasco
_c
Blake,P
942
_2
udc
_c
BK
999
_c
53521
_d
53521